000 00538nam a22001697a 4500
005 20251108172638.0
008 250721s2001 xx 000 0 ara d
082 1 4 _a232/سعد
100 1 _aسعد، قاسم علي
245 1 0 _aموارد الحافظ الذهبي في كتابة ميزان الأعتدال في نقد . /
264 1 _aبيروت :
_bدار البشائر الإسلامية،
_c2001.
300 _a715 ص
650 1 7 _aرواة الحديث
650 1 7 _aالتراجم
942 _2ddc
_cBK
999 _c84858
_d84858